Girls' Names in Top 1000-J (2023) - Statistics

General Stats
  • This quiz has been taken 266 times
  • The average score is 24 of 49
Answer Stats
Answer % Correct
Jane
90%
Jessie
90%
Julia
90%
Julie
89%
Jessica
88%
Jennifer
87%
Jade
81%
Jasmine
77%
Jazmin
77%
Jazmine
77%
June
73%
Jacqueline
71%
Joanna
71%
Josephine
71%
Josie
70%
Jenna
69%
Jordan
68%
Jordyn
68%
Juliana
67%
Julianna
67%
Juliet
67%
Juliette
67%
Jamie
61%
Jocelyn
60%
Joy
59%
Judith
54%
Jolene
48%
Jemma
46%
Juniper
42%
Jayla
40%
Jolie
36%
Johanna
34%
Janelle
31%
Joelle
31%
Julieta
30%
Journee
28%
Journey
28%
Journi
28%
Jaycee
20%
Jazlyn
14%
Jayleen
12%
Jovie
12%
Jaliyah
11%
Jimena
11%
Julissa
10%
Janiyah
7%
Jenesis
7%
Jaylani
5%
Jream
4%
No matching quizzes found
Score Distribution
Percent of People with Each Score
Percentile by Number Answered
Your Score History
You have not taken this quiz